Silk flower arranging : easy, elegant displays (Record no. 406552)

MARC details
000 -LEADER
fixed length control field 00297nam a2200097Ia 4500
082 ## - DEWEY DECIMAL CLASSIFICATION NUMBER
Classification number 745.92 MILL
008 - FIXED-LENGTH DATA ELEMENTS--GENERAL INFORMATION
fixed length control field 210817s9999 xx 000 0 und d
100 ## - MAIN ENTRY--PERSONAL NAME
Personal name MILLER, Marcianne New York, 2003 1st ed
9 (RLIN) 96608
245 #0 - TITLE STATEMENT
Title Silk flower arranging : easy, elegant displays
942 ## - ADDED ENTRY ELEMENTS
item type Books

No items available.